| 000 | 00615nam a2200181Ia 4500 | ||
|---|---|---|---|
| 008 | 090123s9999 xx 000 0 und d | ||
| 082 | _b27690 | ||
| 100 | _aमाडगुळकर ग.दी. | ||
| 245 | _aबांध्यावरच्या बाभळी | ||
| 250 | _a3 | ||
| 260 | _bरसिक साहित्य | ||
| 300 | _a147 | ||
| 600 | _aमाडगुळकर ग.दी. | ||
| 630 | _aबांध्यावरच्या बाभळी | ||
| 700 | _aमाडगुळकर ग.दी. | ||
| 730 | _aबांध्यावरच्या बाभळी | ||
| 942 | _cBOOK | ||
| 999 |
_c66046 _d66046 |
||